Boo york, boo york (monster high) - lyrics - Statistics

General Stats
  • This quiz has been taken 59 times
  • The average score is 291 of 393
Answer Stats
Answer % Correct
I
96%
Boo
93%
(Boo
93%
A
91%
The
91%
York
91%
To
89%
Go
87%
No
87%
You
87%
Be
85%
My
85%
Of
85%
When
85%
And
83%
In
83%
Is
83%
Me
83%
We
83%
All
80%
Are
80%
Best
80%
I'm
80%
Just
80%
Pharaoh
80%
Say
80%
Show
80%
Star
80%
Now
78%
(Now
78%
So
78%
Can
76%
City
76%
It
76%
It's
76%
On
76%
Place
76%
This
76%
Wanna
76%
Yeah
76%
Yeah)
76%
By
74%
Call
74%
Hello
74%
(Hello)
74%
Name
74%
Out
74%
Very
74%
Way
74%
With
74%
Everybody
72%
Lame
72%
Lets
72%
Old
72%
Read
72%
Rocking
72%
Your
72%
Around
70%
Calls
70%
Dream
70%
Get
70%
Life
70%
Rapper
70%
That
70%
Things
70%
Told
70%
Top
70%
Town
70%
Big
67%
Bright
67%
Catty
67%
Do
67%
From
67%
Got
67%
Hear
67%
Living
67%
Love
67%
Scare
67%
(Scare
67%
Ain't
65%
But
65%
Coming
65%
Ghoul
65%
Nobody
65%
Stopping
65%
Who
65%
Far
63%
Fly
63%
Ghouls
63%
Most
63%
New
63%
See
63%
Straight
63%
You're
63%
Back
61%
Day
61%
For
61%
Scene
61%
Specific
61%
Too
61%
Try
61%
Us
61%
Corner's
59%
Fit
59%
Gotta
59%
Limits
59%
Many
59%
Minute
59%
Rapping
59%
Test
59%
They
59%
Up
59%
Want
59%
Dance
57%
Dreams
57%
Find
57%
Lyrics
57%
(Oh)
57%
Our
57%
Pharaoh's
57%
Should
57%
Stand
57%
Tell
57%
Terrific
57%
These
57%
Flying
54%
Mind
54%
Other
54%
Ready
54%
Sarcophagus
54%
Sitting
54%
Storys
54%
Story's
54%
Towns
54%
Frights
52%
Cat's
50%
Everytime
50%
Hieroglyphics
50%
Journey
50%
Like
50%
Meow
50%
Style
50%
Time
50%
Heart
48%
Please
48%
Tomb
48%
Even
46%
Music
46%
Roll
46%
Em
43%
Letting
43%
What
43%
Makes
41%
Unearth
41%
Coolest
39%
More
39%
Young
39%
Feel
37%
Know)
37%
Myself
37%
Right
37%
Sound
37%
Together
37%
Come
35%
Met
35%
Never
35%
(Ooh
35%
Stitches
35%
Underground
35%
Or
33%
Each
28%
Gonna
28%
Found
24%
No matching quizzes found
Score Distribution
Percent of People with Each Score
Percentile by Number Answered
Your Score History
You have not taken this quiz